Normal view
MARC view
- النعيمي، محمد عبد العال / م. مشارك عمار عادل عناب
Entry Personal Name
001 - CONTROL NUMBER
- control field: 29658
003 - CONTROL NUMBER IDENTIFIER
- control field: JO-AjAnu
005 - DATE AND TIME OF LATEST TRANSACTION
- control field: 20230606075018.0
008 - FIXED-LENGTH DATA ELEMENTS
- fixed length control field: 230606|| aca||aabn | a|a d
040 ## - CATALOGING SOURCE
- Original cataloging agency: JO-AjAnu
- Transcribing agency: JO-AjAnu
100 ## - HEADING--PERSONAL NAME
- Personal name: النعيمي، محمد عبد العال / م. مشارك عمار عادل عناب
670 ## - SOURCE DATA FOUND
- Source citation: Work cat.: (JO-AjAnu)15229: النعيمي، محمد عبد العال / م. مشارك عمار عادل عناب , author, استخدام الطرق الاحصائية في تصميم البحث العلمي